000 01287cad a22002415a 4500
001 L139781
008 070808s2007 xxkd f s 000 0 eng d
035 _a(Sirsi) u139781
041 0 _aeng
050 0 4 _a332.6324 $2 18
110 2 _aLambert Smith Hampton
_92865
245 0 0 _aUKIT activity survey
_bsecond quarter 2007
_h[electronic resource]
260 _aLondon
_bLSH
_c2007
490 0 _aLambert Smith Hampton UKIT Activity Survey
_vSecond Quarter 2007
520 _aReports there has been a record level of transactions from overseas investors during the second quarter of 2007, accounting for nearly 43% of total purchases. The office sector has taken nearly 60% of transactions, boosted by two big deals at Canary Wharf. The average transactions yield on the office, retail and industrial sectors has fallen below the five year £SWAP rate due to the continued rise in finance rates.
590 _aKA
650 2 4 _aLAMBERT SMITH HAMPTON UKIT ACTIVITY SURVEY
651 4 _aUnited Kingdom
_y
690 _aPROPERTY-COMMERCIAL PROPERTY-COMMERCIAL PROPERTY FINANCE AND INVESTMENT
690 _aPROPERTY-COMMERCIAL PROPERTY-COMMERCIAL PROPERTY MARKET
856 4 0 _uhttps://www.lsh.co.uk/
_zView the item free of charge after registration at www.lsh.co.uk...
942 _n0
999 _c107347
_d107347